000 00411nam a2200169Ia 4500
001 3903
003 IN-NITTTR
005 20251114232952.0
008 251113s9999||||xx |||||||||||||| ||eng||
040 _beng
040 _cIN-NITTTR
041 _aeng
082 _a621.317 C829V
100 _aCotton, H.
245 0 _aVector and phasor analysis of electric fields and circuits /
_cCotton, H.
942 _2ddc
_cBK
999 _c6254
_d6254